000 00807nam a2200205 i 4500
001 30700
003 ES-MaACL
005 20250728051241.0
007 t|
008 030127s1910 sp ||||1| spa d
080 _a908(8=134.2)
100 1 _aBeltrán y Rózpide, Ricardo.
_927381
245 1 4 _aLos pueblos hispanoamericanos en el siglo XX.
_nIII,
_pTercer trienio, 1907-1909 /
_cpor Ricardo Beltrán y Rózpide.
260 _aMadrid :
_b[s.n.],
_c1910 (
_fImp. de Administración Militar)
300 _a1 v. (285 p.) ;
_c22 cm.
594 _aEn port.: Refundición y ampliación de las "Revistas hispanoamericanas" publicadas por el autor en "La Ilustración artística", de Barcelona.
651 4 _aAmérica Latina-
_xDescripción
_97745
852 _aES-MaACL
_jT-1377-F-4
999 _c30700
_d30700